[Event "45th Olympiad Budapest 2024"]
[Site "Budapest"]
[Date "2024.09.13"]
[Round "3"]
[Board "1"]
[White "Chuemsakul, Sarocha"]
[Black "Kanyamarala, Trisha"]
[Result "1-0"]
[WhiteElo "1906"]
[BlackElo "2179"]
[PlyCount "79"]
[EventDate "2024.09.11"]
[EventType "team-tourn"]
[EventRounds "11"]
[EventCountry "HUN"]
[WhiteTeam "Thailand"]
[BlackTeam "Ireland"]
[WhiteTeamCountry "THA"]
[BlackTeamCountry "IRL"]

1. d4 {[%emt 0:00:03]} Nf6 {[%emt 0:00:07]} 2. c4 {[%emt 0:00:06]} e6 {[%emt 0:00:08]} 3. Nc3 {[%emt 0:00:13]} Bb4 {[%emt 0:00:11]} 4. f3 {[%emt 0:00:21]} d5 {[%emt 0:05:25]} 5. a3 {[%emt 0:00:09]} Bxc3+ {[%emt 0:00:43]} 6. bxc3 {[%emt 0:00:12]} c5 {[%emt 0:00:44]} 7. cxd5 {[%emt 0:00:17]} Nxd5 {[%emt 0:00:25]} 8. dxc5 {[%emt 0:00:18]} Qa5 {[%emt 0:00:55]} 9. e4 {[%emt 0:00:29]} Nf6 {[%emt 0:02:14]} 10. Be3 {[%emt 0:00:08]} O-O {[%emt 0:01:56]} 11. Qb3 {[%emt 0:02:07]} Na6 {[%emt 0:01:10]} 12. Bxa6 {[%emt 0:03:17]} ({RR} 12. Nh3 Nd7 13. Bxa6 Qxa6 14. c4 Ne5 15. Rc1 Bd7 16. Qc3 f6 17. O-O Ba4 18. Nf4 Rfd8 19. Bd4 Ng6 20. Nxg6 hxg6 21. e5 f5 22. h4 Rd7 23. Rf2 Rad8 24. Rd2 Qc6 25. Kh2 Qc7 26. Qe3 Kf7 {½-½ Carlsen,M (2801)-Morozevich,A (2750) Moscow Tal Memorial 4th 2009 (2)}) ({RR} 12. Bb5 e5 13. Ne2 Be6 14. Qb2 Rfc8 15. Bxa6 Qxa6 16. O-O Bc4 17. Rfe1 Nd7 18. Ng3 Nxc5 19. Bxc5 Rxc5 20. Nf5 Be6 21. Ne3 Rac8 22. Red1 h6 23. c4 Bxc4 24. Nxc4 Rxc4 25. Qxe5 Rc2 26. Qg3 R8c6 {0-1 Arabidze,M (2457)-Novik,M (2411) Titled Tue 3rd Sep Early 2024 (11)}) ({RR} 12. a4 Nd7 13. Bxa6 bxa6 14. Qa3 Ne5 15. Bd4 Nd3+ 16. Kd2 Nf4 17. g3 Ng6 18. Ne2 Rd8 19. Ke1 e5 20. Be3 Be6 21. Kf2 Ne7 22. Rhd1 Nc6 23. Rd6 Qc7 24. Rad1 Rdb8 25. Nc1 Na5 26. Rxe6 fxe6 {0-1 Maiorov,N (2456)-Kanyamarala,T (2180) Titled Tuesday intern op 17th Aug blitz 2021 (6)}) 12... Qxa6 {[%emt 0:01:56]} 13. Rd1 $146 {[%emt 0:06:21]} ({RR} 13. c4 Bd7 14. Ne2 Ba4 15. Qb4 Nd7 16. Nc3 Bc6 17. O-O Ne5 18. Nb5 Rad8 19. a4 Bd7 20. Rfd1 Nc6 21. Qc3 Bc8 22. Nd6 Qa5 23. Qxa5 Nxa5 24. Rab1 Rd7 25. Kf2 Rc7 26. Rb5 Nc6 27. Rdb1 Nd8 {½-½ Steiner,M (1717)-Rau,J (2203) Stuttgart-chA int 2005 (5)}) ({RR} 13. Ne2 e5 14. c4 Be6 15. Qb5 Bxc4 16. Qxa6 Bxa6 17. Kf2 Rac8 18. Rhd1 Rfd8 19. Nc3 Kf8 20. a4 Rxd1 21. Rxd1 b6 22. Rd6 Ke8 23. a5 Nd7 24. axb6 axb6 25. Nd5 Bb7 26. cxb6 Rc2+ 27. Kg3 Rb2 {½-½ Moskalenko,V (2460)-Shneider,A (2455) URS U26-ch Lvov 1985}) ({RR} 13. c4 Bd7 14. a4 Qa5+ 15. Kf2 Bc6 16. Ne2 Nd7 17. Qc3 Qc7 18. a5 f5 19. Bf4 e5 20. Bc1 fxe4 21. Bb2 exf3 22. Nf4 Rxf4 23. g3 Rf7 24. Rae1 Nxc5 25. Rxe5 Qxe5 26. Qc2 Qxb2 {0-1 Lie,T-Soreng,E Norwegian op 2005 (8)}) 13... Bd7 {[%emt 0:04:09]} 14. Rd6 {[%emt 0:08:19]} Bc6 {[%emt 0:02:01]} 15. Ne2 {[%emt 0:05:02]} Rfd8 {[%emt 0:14:44]} 16. Kf2 {[%emt 0:23:58]} Rxd6 {[%emt 0:12:25]} 17. cxd6 {[%emt 0:00:05]} Bxe4 {[%emt 0:02:37]} 18. c4 {[%emt 0:06:06]} Bc6 {[%emt 0:05:12]} 19. Nc3 {[%emt 0:11:42]} Rc8 {[%emt 0:13:43]} 20. Rd1 {[%emt 0:06:04]} Nd7 {[%emt 0:09:59]} 21. a4 {[%emt 0:11:40]} Qa5 {[%emt 0:02:19]} 22. Nb5 {[%emt 0:06:17]} a6 {[%emt 0:03:53]} 23. Qc3 {[%emt 0:01:05]} Qd8 {[%emt 0:02:33]} 24. Na7 {[%emt 0:01:46]} Bxa4 {[%emt 0:03:13]} 25. Nxc8 {[%emt 0:01:30]} Bxd1 {[%emt 0:00:51]} 26. Ne7+ {[%emt 0:00:08]} Kf8 {[%emt 0:01:37]} 27. Qd3 {[%emt 0:00:54]} Ba4 {[%emt 0:02:34]} 28. Qxh7 {[%emt 0:00:20]} Ke8 {[%emt 0:00:28]} 29. Qh8+ {[%emt 0:02:38]} Nf8 {[%emt 0:00:06]} 30. c5 {[%emt 0:00:13]} Qa5 {[%emt 0:02:03]} 31. Qxg7 {[%emt 0:00:40]} Qb4 {[%emt 0:00:37]} 32. Qh8 {[%emt 0:01:59]} Qc4 {[%emt 0:01:02]} 33. Kg3 {[%emt 0:01:15]} Qc2 {[%emt 0:04:27]} 34. c6 {[%emt 0:01:08]} Bxc6 {[%emt 0:00:28]} 35. Bh6 Qc5 {[%emt 0:00:29]} 36. Qxf8+ {[%emt 0:00:18]} Kd7 {[%emt 0:00:02]} 37. Nxc6 {[%emt 0:00:48]} Qxc6 {[%emt 0:00:29]} 38. Qe7+ {[%emt 0:00:24]} Kc8 {[%emt 0:00:06]} 39. Bg5 {[%emt 0:00:08]} Kb8 {[%emt 0:00:32]} 40. d7 {[%emt 0:00:26]} 1-0

[Event "45th Olympiad Budapest 2024"]
[Site "Budapest"]
[Date "2024.09.13"]
[Round "3"]
[Board "2"]
[White "O'Gorman, Alice"]
[Black "Prommuang, Araya"]
[Result "1/2-1/2"]
[WhiteElo "1996"]
[BlackElo "1753"]
[PlyCount "113"]
[EventDate "2024.09.11"]
[EventType "team-tourn"]
[EventRounds "11"]
[EventCountry "HUN"]
[WhiteTeam "Ireland"]
[BlackTeam "Thailand"]
[WhiteTeamCountry "IRL"]
[BlackTeamCountry "THA"]

1. e4 {[%emt 0:00:03]} c5 {[%emt 0:00:09]} 2. Nf3 {[%emt 0:00:04]} e6 {[%emt 0:00:08]} 3. d4 {[%emt 0:00:03]} cxd4 {[%emt 0:00:08]} 4. Nxd4 {[%emt 0:00:04]} Nf6 {[%emt 0:00:11]} 5. Nc3 {[%emt 0:00:57]} Nc6 {[%emt 0:00:11]} 6. Ndb5 {[%emt 0:02:41]} d6 {[%emt 0:00:17]} 7. Bf4 {[%emt 0:04:26]} e5 {[%emt 0:01:11]} 8. Bg5 {[%emt 0:00:34]} a6 {[%emt 0:00:39]} 9. Bxf6 {[%emt 0:04:20]} gxf6 {[%emt 0:03:15]} 10. Na3 {[%emt 0:00:10]} b5 {[%emt 0:11:54]} 11. Nd5 {[%emt 0:02:28]} Be7 {[%emt 0:04:52]} 12. Bd3 {[%emt 0:12:15]} Nd4 $146 {[%emt 0:01:57]} ({RR} 12... Be6 13. Qh5 Bxd5 14. exd5 Qa5+ 15. Kf1 Qb4 16. dxc6 Qxb2 17. Rd1 Qxa3 18. Qf5 Qxa2 19. Qd7+ Kf8 20. c7 Qe6 21. Bf5 Qxd7 22. Bxd7 Kg7 23. Rd3 b4 24. Ke2 Rhc8 25. Bxc8 Rxc8 26. c3 Rxc7 27. cxb4 {0-1 Cavaliere,S (1895)-Di Chiara,M (1823) Piemonte-ch Turin 2008 (3)}) ({RR} 12... Rb8 13. O-O Be6 14. c3 f5 15. f3 Qd7 16. Nc2 Bd8 17. Ncb4 Nxb4 18. Nxb4 a5 19. Nc2 f4 20. Qe2 Qc6 21. Na3 Qc5+ 22. Kh1 b4 23. Nb5 Bd7 24. c4 Rg8 25. a3 h5 26. axb4 axb4 27. Ra4 {½-½ Bunkov,S (2314)-Orekhov,E (2450) Alapaevsk Neiva 2007 (4)}) ({RR} 12... Be6 13. c4 b4 14. Nc2 a5 15. Nce3 Qb8 16. O-O Nd4 17. Qh5 Kd7 18. Qh6 Qd8 19. f4 Rb8 20. Nxe7 Qxe7 21. f5 Bxf5 22. Nxf5 Nxf5 23. Rxf5 {1-0 Rose,F (2091)-De Sousa,D (2021) Titled Tue 13th Feb Early 2024 (10)}) ({RR} 12... h5 13. c4 Qa5+ 14. Qd2 b4 15. Nc2 Rb8 16. b3 Qc5 17. O-O a5 18. Kh1 f5 19. exf5 f6 20. Be4 Bd8 21. Rad1 Rb7 22. Nde3 Rd7 23. Qd5 Bb7 24. Qd3 Qa7 25. Bd5 Qa8 26. Be6 Rg7 27. Rg1 {1-0 Chaves,J-Midugno,R BRA-ch Caxias do Sul 1975 (17)}) ({RR} 12... f5 13. c3 f4 14. g3 fxg3 15. hxg3 Be6 16. Nc2 Na7 17. Nce3 Nc8 18. Qh5 Nb6 19. O-O-O Bg5 20. f4 Bxd5 21. Nxd5 Nxd5 22. exd5 exf4 23. Rde1+ Kf8 24. gxf4 Bxf4+ 25. Kb1 Qg5 26. Qh3 Re8 27. Rxe8+ {1-0 Pham,C (2313)-Le,T VIE-ch U15 Vung Tau 2004 (8)}) 13. c3 {[%emt 0:04:19]} Ne6 {[%emt 0:00:48]} 14. Nc2 {[%emt 0:01:42]} Nc7 {[%emt 0:02:14]} 15. Nce3 {[%emt 0:01:45]} Be6 {[%emt 0:04:16]} 16. Bc2 {[%emt 0:03:13]} O-O {[%emt 0:06:37]} 17. Qf3 {[%emt 0:05:13]} Kh8 {[%emt 0:01:34]} 18. Nxe7 {[%emt 0:01:53]} Qxe7 {[%emt 0:01:23]} 19. Nd5 {[%emt 0:00:35]} Bxd5 {[%emt 0:01:52]} 20. exd5 {[%emt 0:00:26]} e4 {[%emt 0:02:35]} 21. Qh5 {[%emt 0:08:43]} Rg8 {[%emt 0:11:42]} 22. O-O-O {[%emt 0:09:42]} Rae8 {[%emt 0:02:35]} 23. f3 {[%emt 0:09:01]} Rg5 {[%emt 0:04:39]} 24. Qh4 {[%emt 0:02:02]} f5 {[%emt 0:10:18]} 25. fxe4 {[%emt 0:00:51]} Rxg2 {[%emt 0:01:43]} 26. Qf4 {[%emt 0:14:29]} fxe4 {[%emt 0:03:13]} 27. Rhe1 {[%emt 0:03:12]} Qg5 {[%emt 0:03:35]} 28. Qxg5 {[%emt 0:01:14]} Rxg5 {[%emt 0:00:03]} 29. Rxe4 {[%emt 0:00:24]} Rxe4 {[%emt 0:02:04]} 30. Bxe4 {[%emt 0:00:03]} f5 {[%emt 0:00:26]} 31. Bf3 {[%emt 0:02:00]} Kg7 {[%emt 0:00:33]} 32. Rd4 {[%emt 0:02:41]} Kf6 {[%emt 0:02:39]} 33. a4 {[%emt 0:02:49]} Rg1+ {[%emt 0:02:22]} 34. Kd2 {[%emt 0:06:14]} Rb1 {[%emt 0:01:27]} 35. b3 {[%emt 0:01:40]} Rxb3 {[%emt 0:02:51]} 36. Kc2 {[%emt 0:00:27]} Ra3 {[%emt 0:00:06]} 37. Rh4 {[%emt 0:01:15]} Ke5 {[%emt 0:01:33]} 38. Rxh7 {[%emt 0:00:24]} Nxd5 {[%emt 0:00:09]} 39. Bxd5 {[%emt 0:00:18]} Kxd5 40. axb5 {[%emt 0:00:28]} axb5 {[%emt 0:00:10]} 41. h4 {[%emt 0:01:19]} Ke4 {[%emt 0:02:16]} 42. h5 {[%emt 0:00:25]} Ke5 {[%emt 0:10:38]} 43. Rb7 {[%emt 0:01:55]} Ra2+ {[%emt 0:00:51]} 44. Kd3 {[%emt 0:00:17]} Rh2 {[%emt 0:00:16]} 45. Rxb5+ {[%emt 0:00:27]} Ke6 {[%emt 0:00:18]} 46. Rb8 {[%emt 0:02:36]} Rxh5 {[%emt 0:00:22]} 47. Re8+ {[%emt 0:00:07]} Kf7 {[%emt 0:00:16]} 48. Ra8 {[%emt 0:01:09]} Kf6 {[%emt 0:01:30]} 49. Rd8 {[%emt 0:02:16]} Ke7 {[%emt 0:05:14]} 50. Rb8 {[%emt 0:00:27]} Rh4 {[%emt 0:00:44]} 51. Ra8 {[%emt 0:01:14]} Ke6 {[%emt 0:00:32]} 52. c4 {[%emt 0:02:14]} d5 {[%emt 0:02:22]} 53. cxd5+ {[%emt 0:00:12]} Kxd5 {[%emt 0:00:02]} 54. Ra5+ {[%emt 0:00:24]} Ke6 {[%emt 0:00:12]} 55. Ke3 {[%emt 0:00:18]} Kf6 {[%emt 0:00:05]} 56. Ra8 {[%emt 0:00:43]} Rg4 {[%emt 0:02:11]} 57. Kf3 {[%emt 0:00:31]} 1/2-1/2

[Event "45th Olympiad Budapest 2024"]
[Site "Budapest"]
[Date "2024.09.13"]
[Round "3"]
[Board "1"]
[White "Partac, Elena"]
[Black "Miladi, Amen"]
[Result "1-0"]
[WhiteElo "2078"]
[BlackElo "1851"]
[PlyCount "77"]
[EventDate "2024.09.11"]
[EventType "team-tourn"]
[EventRounds "11"]
[EventCountry "HUN"]
[WhiteTeam "Moldova"]
[BlackTeam "Tunisia"]
[WhiteTeamCountry "MDA"]
[BlackTeamCountry "TUN"]

1. e4 {[%emt 0:00:18]} c5 2. Nf3 {[%emt 0:00:03]} e6 {[%emt 0:00:04]} 3. d4 {[%emt 0:00:06]} cxd4 {[%emt 0:00:04]} 4. Nxd4 {[%emt 0:00:02]} a6 {[%emt 0:00:07]} 5. Bd3 {[%emt 0:00:53]} Nf6 {[%emt 0:00:12]} 6. O-O {[%emt 0:00:24]} Qc7 {[%emt 0:00:07]} 7. Qe2 {[%emt 0:03:37]} d6 {[%emt 0:00:31]} 8. c4 {[%emt 0:01:27]} Be7 {[%emt 0:01:45]} 9. Nc3 {[%emt 0:00:08]} O-O {[%emt 0:00:21]} 10. Be3 {[%emt 0:02:06]} Nc6 {[%emt 0:01:38]} ({RR} 10... b6 11. Rfe1 {½-½ Varga,Z (2481)-Shchekachev,A (2539) CRO-chT1B 18th 2009 (6)}) ({RR} 10... Nbd7 11. Rac1 b6 12. b3 Bb7 13. f3 Rfd8 14. Qf2 Rac8 15. g4 Ne5 16. Be2 Nfd7 17. f4 Nc6 18. f5 Nxd4 19. Bxd4 e5 20. Be3 Rf8 21. g5 Kh8 22. Qh4 Qd8 23. Rf3 Kg8 24. Rh3 h6 25. f6 {1-0 Abdi,Z (1889)-Miladi,A (1511) Agadir zt 4.1 (Women) 2016 (1)}) 11. f4 {[%emt 0:09:18]} Rd8 $146 {[%emt 0:04:44]} ({RR} 11... Nxd4 12. Bxd4 e5 13. Be3 Bg4 14. Qc2 exf4 15. Rxf4 Be6 16. Nd5 Bxd5 17. exd5 g6 18. Bd4 Nd7 19. Raf1 Ne5 20. Be2 Bg5 21. R4f2 Rac8 22. b3 Bh6 23. Kh1 Bg7 24. Qb2 f5 25. Re1 Qe7 26. b4 {½-½ Horvath,A (2528)-Izsak,G (2475) HUN-chT 0405 2004 (3)}) ({RR} 11... Bd7 12. Rac1 Nb4 13. Bb1 Qa5 14. g4 g6 15. Nb3 Qc7 16. a3 Nc6 17. g5 Nh5 18. Nd5 exd5 19. cxd5 Qd8 20. dxc6 Bxc6 21. Nd4 Bd7 22. Ba2 Rc8 23. Bd5 Rxc1 24. Rxc1 Bc8 25. Qc4 Bh3 26. Qc7 {1-0 Sinitsina,A (2175)-Junior,E (1849) Olympiad Women-44 2022 (2.2)}) ({RR} 11... Re8 12. Rae1 Bf8 13. a3 g6 14. Nxc6 bxc6 15. e5 Nd7 16. exd6 Bxd6 17. Ne4 Be7 18. c5 Nf6 19. Bd4 Nxe4 20. Bxe4 a5 21. Qf3 Rd8 22. Be5 Bxc5+ 23. Kh1 Qe7 24. Bxc6 Ra6 25. Rd1 Bd6 26. Bc3 {1-0 Celis,G-Ucha,L Buenos Aires GEBA-A 1992 (5)}) ({RR} 11... g6 12. h3 Nh5 13. Qf2 Bf6 14. Nxc6 bxc6 15. Rac1 Rb8 16. Na4 Qd8 17. g3 e5 18. Kh2 exf4 19. Bxf4 c5 20. b3 Qd7 21. Qg2 g5 22. Be2 Ng7 23. Be3 Be5 24. Bxg5 Qe6 25. Bf4 Kh8 26. Nc3 {½-½ Torok,T (2109)-Heyl,T (2055) Budapest FS12 FM-A 2008 (2)}) 12. Rac1 {[%emt 0:10:46]} Bd7 {[%emt 0:07:44]} 13. Nb3 {[%emt 0:10:53]} Rac8 {[%emt 0:04:01]} 14. Na4 {[%emt 0:14:53]} Qb8 {[%emt 0:04:55]} 15. Nb6 {[%emt 0:02:03]} Rc7 {[%emt 0:00:17]} 16. g4 {[%emt 0:13:11]} d5 {[%emt 0:42:25]} 17. e5 {[%emt 0:14:35]} dxc4 {[%emt 0:00:13]} 18. Bxc4 {[%emt 0:00:04]} Ne8 {[%emt 0:00:35]} 19. a3 {[%emt 0:08:55]} Na7 {[%emt 0:02:17]} 20. Nxd7 {[%emt 0:00:55]} Rdxd7 {[%emt 0:05:19]} 21. f5 {[%emt 0:00:56]} Rc6 {[%emt 0:00:56]} 22. fxe6 {[%emt 0:01:41]} fxe6 {[%emt 0:00:05]} 23. Qf2 {[%emt 0:00:02]} h6 {[%emt 0:08:32]} 24. Bxe6+ {[%emt 0:01:07]} Rxe6 {[%emt 0:00:26]} 25. Qf7+ {[%emt 0:00:02]} Kh7 {[%emt 0:01:59]} 26. Qxe6 {[%emt 0:00:04]} Qd8 {[%emt 0:02:00]} 27. Bxa7 {[%emt 0:01:08]} Rd3 {[%emt 0:01:35]} 28. Bb6 {[%emt 0:00:50]} Qd5 {[%emt 0:00:57]} 29. Qxd5 {[%emt 0:00:35]} Rxd5 {[%emt 0:00:02]} 30. Bc5 {[%emt 0:02:15]} Bg5 {[%emt 0:00:41]} 31. Rce1 {[%emt 0:00:55]} Rd3 {[%emt 0:02:03]} 32. Na5 {[%emt 0:01:12]} b5 {[%emt 0:01:21]} 33. Rd1 {[%emt 0:01:19]} Rxd1 {[%emt 0:01:33]} 34. Rxd1 {[%emt 0:00:02]} Nc7 {[%emt 0:00:13]} 35. Nb7 {[%emt 0:00:32]} Ne6 {[%emt 0:00:09]} 36. Bb6 {[%emt 0:00:32]} Bf4 {[%emt 0:00:39]} 37. Nd8 {[%emt 0:00:26]} Nxd8 {[%emt 0:00:24]} 38. Rxd8 {[%emt 0:00:08]} Bxe5 {[%emt 0:00:05]} 39. Bd4 {[%emt 0:00:03]} 1-0

[Event "45th Olympiad Budapest 2024"]
[Site "Budapest"]
[Date "2024.09.13"]
[Round "3"]
[Board "1"]
[White "Wilson, Hannah"]
[Black "Noshin, Anjum"]
[Result "0-1"]
[WhiteElo "1888"]
[BlackElo "2085"]
[PlyCount "76"]
[EventDate "2024.09.11"]
[EventType "team-tourn"]
[EventRounds "11"]
[EventCountry "HUN"]
[WhiteTeam "Barbados"]
[BlackTeam "Bangladesh"]
[WhiteTeamCountry "BAR"]
[BlackTeamCountry "BAN"]

1. e4 {[%emt 0:00:02]} e5 {[%emt 0:00:12]} 2. Nf3 {[%emt 0:00:07]} Nc6 {[%emt 0:00:14]} 3. d4 {[%emt 0:00:09]} exd4 {[%emt 0:00:09]} 4. Bc4 {[%emt 0:00:10]} Nf6 {[%emt 0:00:06]} 5. e5 {[%emt 0:00:10]} d5 {[%emt 0:00:08]} 6. Bb5 {[%emt 0:00:11]} Nd7 {[%emt 0:00:21]} 7. Bxc6 {[%emt 0:00:33]} bxc6 {[%emt 0:00:06]} 8. Nxd4 {[%emt 0:00:08]} Nxe5 {[%emt 0:01:50]} ({RR} 8... Nb8 9. O-O c5 10. Nb3 Be6 11. f4 g6 12. Be3 d4 13. Bf2 Qd5 14. c4 Qc6 15. Na5 Qb6 16. Qf3 c6 17. Nb3 Bxc4 18. N1d2 Bd5 19. Ne4 Nd7 20. f5 O-O-O 21. Rac1 Nxe5 22. Qg3 Nd7 23. Nd6+ {0-1 Shyam,S (2520)-Kovalev,V (2649) Riga Tal Memorial blitz 2019 (9)}) 9. Bf4 {[%emt 0:13:47]} ({RR} 9. O-O Qf6 10. Qe2 Be7 11. h4 h6 12. Re1 Ng6 13. h5 Qxd4 14. hxg6 Qf6 15. Bd2 Be6 16. gxf7+ Kxf7 17. Bc3 Qg6 18. Nd2 Bd6 19. Nf3 Bh3 20. Nh4 Qg4 21. Qf3+ Qxf3 22. Nxf3 Bf5 23. Ne5+ Kg8 {½-½ Aravindhan,A (2094)-Van Baar,E (2207) Science Park Open A 2024 (2.8)}) 9... Qf6 $146 {[%emt 0:10:45]} ({RR} 9... Ng6 10. Bg3 Qe7+ 11. Ne2 Qb4+ 12. Nbc3 Qxb2 13. O-O Bd6 14. Bxd6 cxd6 15. Rb1 Qa3 16. Nxd5 Qa5 17. Nb4 Qc7 18. Nd4 Ne7 19. Qf3 Bb7 20. Nd3 O-O 21. Nf4 Qd7 22. Nh5 Kh8 23. Rfe1 Rab8 24. Nxg7 {1-0 Tzagarakis,P (1608)-Tsouchnikas,O (1393) GRE-ch U12 Achaia 2017 (6)}) ({RR} 9... Bd6 10. Nc3 O-O 11. O-O Bd7 12. Re1 Re8 13. Nf3 Qf6 14. Nxe5 Qxf4 15. g3 Qf5 16. Nxd7 Qxd7 17. Qf3 Rxe1+ 18. Rxe1 Re8 19. Rxe8+ Qxe8 20. Ne2 Qe5 21. c3 Bc5 22. Qg4 h6 23. Nd4 Bxd4 24. cxd4 {0-1 Visschedijk,G-De Glopper,M Hengelo U14 op 1998}) ({RR} 9... Bd6 10. Bxe5 Bxe5 11. Nxc6 Qf6 12. Nxe5 Qxe5+ 13. Qe2 Qxe2+ 14. Kxe2 Ba6+ 15. Kd2 O-O-O 16. a4 Rhe8 17. Re1 Rxe1 18. Kxe1 Re8+ 19. Kd1 Re2 20. b4 Rxf2 21. b5 Bb7 22. a5 d4 23. Nd2 Rxg2 24. Ra4 {1-0 Van der Lende,I (1702)-Flinkenfluger,R (1529) NED-ch U13 Rijswijk 2005 (6)}) 10. Bg3 {[%emt 0:08:37]} Ba6 11. f4 {[%emt 0:32:40]} Nd3+ {[%emt 0:11:12]} 12. cxd3 {[%emt 0:01:38]} Qxd4 {[%emt 0:00:06]} 13. Qe2+ {[%emt 0:02:58]} Be7 {[%emt 0:03:14]} 14. Nc3 {[%emt 0:07:43]} Qxd3 {[%emt 0:02:44]} 15. Qxd3 {[%emt 0:01:04]} Bxd3 {[%emt 0:00:06]} 16. O-O-O {[%emt 0:00:16]} Bf5 {[%emt 0:04:33]} 17. Rhe1 {[%emt 0:01:24]} f6 {[%emt 0:10:15]} 18. Bf2 {[%emt 0:02:45]} Kf7 {[%emt 0:04:09]} 19. h3 {[%emt 0:02:30]} h5 {[%emt 0:01:29]} 20. Ne2 {[%emt 0:03:42]} Be4 {[%emt 0:02:27]} 21. g3 {[%emt 0:03:32]} Bb4 {[%emt 0:00:58]} 22. Nc3 {[%emt 0:01:25]} Bxc3 {[%emt 0:01:17]} 23. bxc3 {[%emt 0:00:12]} Rhb8 {[%emt 0:00:06]} 24. a4 {[%emt 0:05:23]} Rb1+ {[%emt 0:00:27]} 25. Kd2 {[%emt 0:00:09]} Rb2+ {[%emt 0:00:05]} 26. Ke3 {[%emt 0:01:45]} Re8 {[%emt 0:00:20]} 27. Bg1 {[%emt 0:04:48]} Bc2+ {[%emt 0:00:41]} 28. Kf3 {[%emt 0:01:26]} Bxd1+ {[%emt 0:01:04]} 29. Rxd1 {[%emt 0:00:09]} Rc2 {[%emt 0:00:46]} 30. Rd3 {[%emt 0:00:55]} a5 {[%emt 0:03:05]} 31. Be3 {[%emt 0:01:55]} Ra2 {[%emt 0:01:01]} 32. Rd4 {[%emt 0:01:28]} Ra3 {[%emt 0:00:07]} 33. Bd2 {[%emt 0:00:41]} Rd8 {[%emt 0:00:06]} 34. f5 {[%emt 0:00:52]} c5 {[%emt 0:00:25]} 35. Rh4 {[%emt 0:01:27]} d4 {[%emt 0:00:10]} 36. Ke2 {[%emt 0:01:51]} dxc3 {[%emt 0:00:15]} 37. Be3 {[%emt 0:01:30]} c2 {[%emt 0:00:30]} 38. Rc4 {[%emt 0:00:20]} Re8 {[%emt 0:00:17]} 0-1

[Event "45th Olympiad Budapest 2024"]
[Site "Budapest"]
[Date "2024.09.13"]
[Round "3"]
[Board "2"]
[White "Nusrat Jahan, Alo"]
[Black "Blackman, Katrina"]
[Result "1/2-1/2"]
[WhiteElo "2033"]
[BlackElo "1814"]
[PlyCount "89"]
[EventDate "2024.09.11"]
[EventType "team-tourn"]
[EventRounds "11"]
[EventCountry "HUN"]
[WhiteTeam "Bangladesh"]
[BlackTeam "Barbados"]
[WhiteTeamCountry "BAN"]
[BlackTeamCountry "BAR"]

1. e4 {[%emt 0:00:06]} e6 {[%emt 0:00:02]} 2. d4 {[%emt 0:00:06]} d5 {[%emt 0:00:03]} 3. e5 {[%emt 0:00:11]} c5 {[%emt 0:00:05]} 4. c3 {[%emt 0:00:17]} Nc6 {[%emt 0:00:03]} 5. Nf3 {[%emt 0:00:09]} Bd7 {[%emt 0:00:03]} 6. Be2 {[%emt 0:00:10]} Qb6 {[%emt 0:00:34]} 7. a3 {[%emt 0:00:11]} Rc8 {[%emt 0:02:16]} 8. b4 {[%emt 0:00:19]} cxd4 {[%emt 0:00:33]} 9. cxd4 {[%emt 0:00:22]} Nge7 {[%emt 0:01:19]} 10. Bb2 {[%emt 0:01:22]} Nf5 {[%emt 0:01:06]} 11. O-O {[%emt 0:01:06]} Be7 {[%emt 0:00:10]} 12. Qd3 {[%emt 0:05:44]} O-O {[%emt 0:03:47]} ({RR} 12... Na5 13. Nbd2 Nc4 14. Nxc4 dxc4 15. Qc3 O-O 16. Nd2 Qd8 17. Bf3 Bc6 18. Bxc6 Rxc6 19. b5 Rc7 20. a4 Qd5 21. Rfd1 Rd8 22. Nf3 h5 23. Bc1 a6 24. Rb1 Qe4 25. Be3 axb5 26. Rxb5 Ra8 27. a5 {1-0 Caruana,F (2842)-Wei,Y (2732) PRO League KO Stage rapid 2020 (3.2)}) ({RR} 12... h5 13. Nbd2 g5 14. Nb3 g4 15. Nfd2 Qd8 16. Rac1 Bg5 17. Nc5 b6 18. Nxd7 Qxd7 19. Rc2 O-O 20. Nb3 Nce7 21. Rxc8 Rxc8 22. f3 Be3+ 23. Kh1 g3 24. Bc1 Bxc1 25. Rxc1 Rxc1+ 26. Nxc1 Ng6 27. Qd2 {½-½ Varshini,V (2226)-Sedina,E (2291) Speed Chess (Women) Q1 blitz 2021 (6)}) 13. Nbd2 {[%emt 0:01:30]} f6 {[%emt 0:01:58]} 14. Nb3 {[%emt 0:04:05]} fxe5 {[%emt 0:03:42]} 15. Nxe5 $146 {[%emt 0:03:06]} ({RR} 15. dxe5 a6 16. Qd2 Na7 17. Rac1 Bb5 18. Nbd4 Bxe2 19. Qxe2 Nxd4 20. Bxd4 Qb5 21. Qd2 Nc6 22. Bc5 Bxc5 23. Rxc5 Qa4 24. Qd3 h6 25. Qg6 Rce8 26. Qd3 Rf5 27. Re1 b6 28. Rc3 Rf4 29. Rec1 Ne7 {1-0 Nusrat Jahan,A (1730)-Farooq,N (1706) Joytu Sheikh Hasina Online op 2020 (7)}) ({RR} 15. dxe5 Bxb4 16. axb4 Nxb4 17. Bd4 Nxd3 18. Bxb6 Nf4 19. Nc5 Nxe2+ 20. Kh1 axb6 21. Nxd7 Rfd8 22. Nxb6 Rc6 23. Rab1 d4 24. Na4 Nc3 25. Nxc3 dxc3 26. g4 Nd4 {0-1 Jelen,P (1833)-Varga,D (2150) SVK-ch U16 Brezova pod Bradlom 2006 (7)}) ({RR} 15. dxe5 a6 16. Rac1 Na7 17. Nfd4 Nb5 18. g3 Nbxd4 19. Bxd4 Nxd4 20. Nxd4 Bg5 21. f4 Be7 22. Kg2 Rc7 23. Rxc7 Qxc7 24. Bg4 Qb6 25. Rc1 Rc8 26. Rxc8+ Bxc8 27. Qc3 Bd7 28. h4 g6 29. h5 Kg7 {1-0 Soelch,R (1677)-Dreckmann,F (1760) Bahn-chS 75 Bad Wildungen 2000 (2)}) 15... Nxe5 {[%emt 0:01:04]} 16. dxe5 {[%emt 0:00:08]} a6 {[%emt 0:05:11]} 17. Rac1 {[%emt 0:10:24]} Rxc1 {[%emt 0:30:28]} 18. Rxc1 {[%emt 0:06:58]} Bg5 {[%emt 0:01:49]} 19. Rc2 {[%emt 0:10:16]} Bb5 {[%emt 0:05:46]} 20. Qc3 {[%emt 0:03:06]} Ne3 {[%emt 0:04:34]} 21. Bxb5 {[%emt 0:08:08]} Nxc2 {[%emt 0:02:38]} 22. Qxc2 {[%emt 0:00:12]} Qxb5 {[%emt 0:01:40]} 23. Nd4 {[%emt 0:04:17]} Qd7 {[%emt 0:00:58]} 24. g3 {[%emt 0:03:02]} Bd8 {[%emt 0:04:04]} 25. Qc5 {[%emt 0:07:14]} Re8 {[%emt 0:07:31]} 26. f4 {[%emt 0:04:00]} Qe7 {[%emt 0:02:11]} 27. f5 {[%emt 0:02:23]} Qxc5 {[%emt 0:03:08]} 28. bxc5 {[%emt 0:00:29]} exf5 {[%emt 0:00:02]} 29. Nxf5 {[%emt 0:00:18]} Re6 {[%emt 0:04:49]} 30. Nd6 {[%emt 0:04:56]} b6 {[%emt 0:00:37]} 31. c6 {[%emt 0:03:33]} Bc7 {[%emt 0:00:08]} 32. Nc8 {[%emt 0:02:46]} Kf8 {[%emt 0:01:24]} 33. Nd6 {[%emt 0:04:06]} g6 {[%emt 0:01:44]} 34. a4 {[%emt 0:00:53]} Bxd6 {[%emt 0:03:50]} 35. exd6 {[%emt 0:00:10]} Ke8 {[%emt 0:00:15]} 36. Ba3 {[%emt 0:04:07]} d4 {[%emt 0:00:21]} 37. a5 {[%emt 0:01:17]} bxa5 {[%emt 0:03:05]} 38. Bc5 {[%emt 0:00:19]} Re1+ {[%emt 0:03:09]} 39. Kf2 {[%emt 0:02:27]} Rb1 {[%emt 0:00:02]} 40. Bxd4 {[%emt 0:00:35]} Rd1 {[%emt 0:00:15]} 41. d7+ {[%emt 0:01:06]} Kd8 {[%emt 0:00:32]} 42. Bb6+ {[%emt 0:00:24]} Ke7 {[%emt 0:00:01]} 43. Bxa5 {[%emt 0:00:16]} Rd5 {[%emt 0:01:06]} 44. Bb6 {[%emt 0:01:20]} a5 {[%emt 0:00:32]} 45. Ke3 {[%emt 0:02:25]} 1/2-1/2